00553 2200205 4500001002100000005001500021035002000036245005400056100001700110250001400127260004700141300003000188020001800218084001600236082001000252650001800262008004100280990001300321990001300334INLIS00000000000897920241212013905 a0010-01230005201 aKreasi cantik dari limbah plastik /cDewi Istanti aDewi Istanti aCetakan 2 ayogyakarta :bHijaz Pustaka Mandiri,c2020 avi, 134 halaman ;c24 cm. a9786025790102 a746.4 DEW k a746.4 4aSeni dekorasi241212 g 0 ind  a022.1835 a022.1836